000 01186nac a2200349 i 4500
001 1322443
003 EG-GICUC
005 20260121101501.0
008 700116s1969 mau b 001 0 eng
040 _aDLC
_cDLC
_dDLC
_dEG-GICUC
_beng
_erda
050 0 0 _aKF9218
_b.K3 1969
082 0 0 _a343.1
_221
092 0 4 _221
099 _aLaw 10 1969
100 1 _aKadish, Sanford H.
245 1 0 _aCriminal law and its processes;
_bcases and materials
_c[by] Sanford H. Kadish [and] Monrad G. Paulsen.
250 _a2d edition.
264 _aBoston :
_bLittle, Brown,
_c1969.
300 _ali, 1462 page ;
_c25 cm.
336 _atext
_btxt
_2rdacontent
337 _aunmediated
_bn
_2rdamedia
338 _avolume
_bnc
_2rdacarrier
490 0 _aLaw school casebook series
500 _aAuthor's names in reverse order in 1st ed., 1962.
504 _aBibliography: p. [1421-1442] and index.
650 0 _aCriminal law
_zUnited States
_xCases.
650 0 _aCriminal justice, Administration of
_zUnited States
_xCases.
700 1 _aPaulsen, Monrad G.,
_ejoint author.
856 4 0 _uhttps://fll.law.cu.edu.eg/fulltext/bks/ENGB10-00028.pdf
905 _a10
942 _2ddc
_cBK
_e21
_n0
999 _c50385
_d50385